000 00388nam a22001697a 4500
003 OSt
005 20210916152946.0
008 210916b |||||||| |||| 00| 0 eng d
020 _a0-87893.441.3
040 _cHU
082 _a611.8
100 _aSTEPHEN W. KUFFLER
_94415
245 _aFrom Neuron to Brain
260 _aSunderland
_bINC
_c1976
300 _a486
942 _2ddc
_cBOOKS
_n0
999 _c4479
_d4479